000 00596cam a2200205 a 4500
001 000018372
005 20200929165458.0
008 000711s2001 nyu 000 1 eng d
020 _a0751525359
040 _aDO-SdBNP
_beng
_cLC
_dBNPHU
082 _a813.54
_bC821L
100 1 _aCornwell, Patricia Daniels.
_911560
245 1 4 _aThe last precinct /
_cPatricia Cornwell.
260 _aNew York :
_bWarner Books,
_c2001.
300 _a565 p. ;
_c18 cm.
650 4 _aNovela estadounidense
_9262
650 4 _aLiteratura estadounidense
_9263
910 _aCatalogación derivada
049 _aBNGR
999 _c17893
_d17893